[Event "Elit(Kungstornet-Eksjo)"]
[Site "?"]
[Date "2015.03.21"]
[Round "8"]
[White "Aronsson, Marten"]
[Black "Vernersson, Per"]
[Result "1/2-1/2"]
[WhiteElo "2289"]
[BlackElo "2313"]
[PlyCount "87"]

1. d4 d5 2. Nf3 Nf6 3. c4 dxc4 4. Nc3 c6 5. a4 Bf5 6. Ne5 Nbd7 7. Nxc4 Nb6 8.
Ne5 a5 9. f3 h6 10. e4 Bh7 11. Be3 e6 12. Qb3 Qc7 13. Rc1 Nbd7 14. Nc4 Bb4 15.
Be2 O-O 16. O-O Rfe8 17. Rfd1 Kh8 18. Bf2 Nh5 19. g3 f5 20. e5 g5 21. f4 Bg6
22. fxg5 hxg5 23. Nd2 Nb6 24. Nf3 Qe7 25. Qc2 Rg8 26. Na2 f4 27. Bd3 Bxd3 28.
Qxd3 fxg3 29. hxg3 Qh7 30. Nxb4 axb4 31. Kg2 Nd5 32. Qxh7+ Kxh7 33. b3 Kg6 34.
Nd2 Nc3 35. Re1 b5 36. Nb1 Nxb1 37. Rxb1 bxa4 38. bxa4 Rxa4 39. Rb2 Rb8 40. Rc1
Ra6 41. Rcb1 Ra4 42. Rc1 Ra6 43. Rcb1 Ra4 44. Rc1 1/2-1/2

[Event "Elit(Kungstornet-Eksjo)"]
[Site "?"]
[Date "2015.03.21"]
[Round "8"]
[White "Gustafsson, Fredrik"]
[Black "Holmquist, Gunnar"]
[Result "1-0"]
[WhiteElo "2174"]
[BlackElo "2187"]
[PlyCount "77"]
[EventDate "2015.??.??"]

1. e4 e5 2. Nc3 Nf6 3. g3 Bc5 4. Bg2 c6 5. Nf3 d6 6. d4 exd4 7. Nxd4 Qb6 8.
Nce2 Bg4 9. f3 Bh5 10. Nb3 Bf2+ 11. Kf1 Nbd7 12. Qxd6 O-O-O 13. Bf4 Ne8 14. Qe7
Nc7 15. a4 Bc5 16. Qg5 Bg6 17. Bh3 Ne6 18. Bxe6 fxe6 19. a5 Qb5 20. Nxc5 Qxc5
21. Qxc5 Nxc5 22. Be3 Nd7 23. Nf4 Bf7 24. Bxa7 g5 25. Nd3 h5 26. Ke2 Bg6 27.
Nf2 Ne5 28. Bb6 Rd7 29. Rad1 Rf8 30. Rxd7 Kxd7 31. Rd1+ Kc8 32. Rd6 Re8 33. b3
g4 34. fxg4 hxg4 35. Ke3 Nf7 36. Rd2 Ne5 37. h4 Rf8 38. Rd6 Re8 39. Kf4 1-0

[Event "Elit(Kungstornet-Eksjo)"]
[Site "?"]
[Date "2015.03.21"]
[Round "8"]
[White "Wikner, Arvid"]
[Black "Ornstein, Axel"]
[Result "0-1"]
[WhiteElo "2242"]
[BlackElo "2325"]
[PlyCount "146"]
[EventDate "2015.??.??"]

1. e4 e5 2. Nf3 Nc6 3. Bc4 Bc5 4. O-O Nf6 5. d4 Bxd4 6. Nxd4 Nxd4 7. Be3 Ne6 8.
Nc3 d6 9. f3 O-O 10. Rf2 a6 11. a4 Kh8 12. Rd2 Ng8 13. Qe1 Ne7 14. Rad1 Qe8 15.
g4 Bd7 16. Bb3 Nc6 17. Rg2 Ncd4 18. Rg3 Nxb3 19. cxb3 Nf4 20. Bxf4 exf4 21. Rh3
Be6 22. Nd5 Qd8 23. Qc3 c6 24. Nxf4 Qe7 25. e5 Rad8 26. Qd3 h6 27. exd6 Qf6 28.
Nxe6 fxe6 29. Rg3 Kg8 30. Qd4 Rd7 31. Qxf6 Rxf6 32. Kf2 e5 33. Ke3 Rfxd6 34.
Rxd6 Rxd6 35. Rg2 Kf7 36. h4 Rd4 37. Rc2 Rb4 38. Rc3 h5 39. gxh5 Rxh4 40. Rc4
Rxh5 41. b4 Rh2 42. b5 cxb5 43. axb5 Rxb2 44. bxa6 bxa6 45. Rc7+ Kg8 46. Ra7
Ra2 47. Ke4 Ra5 48. Kf5 Kh7 49. Ra8 g6+ 50. Kf6 Ra3 51. Kxe5 Rxf3 52. Rxa6 Kh6
53. Ke4 Rb3 54. Kf4 Kh5 55. Ra1 g5+ 56. Kf5 Rf3+ 57. Ke4 g4 58. Rh1+ Kg5 59.
Rh8 Rf2 60. Rg8+ Kh4 61. Ke3 g3 62. Rh8+ Kg4 63. Rh7 Rf1 64. Ke2 g2 65. Rg7+
Kh3 66. Rh7+ Kg3 67. Rg7+ Kh2 68. Rh7+ Kg1 69. Rh8 Rf5 70. Rg8 Rf7 71. Rg6 Re7+
72. Kd2 Re5 73. Rg8 Kf2 0-1

[Event "Elit(Vasteras-Team Viking)"]
[Site "?"]
[Date "2015.03.21"]
[Round "8"]
[White "Berg, Emanuel"]
[Black "Akesson, Ralf"]
[Result "1-0"]
[WhiteElo "2545"]
[BlackElo "2456"]
[PlyCount "117"]

1. e4 c6 2. d4 d5 3. Nc3 dxe4 4. Nxe4 Bf5 5. Ng3 Bg6 6. h4 h6 7. Nf3 Nd7 8. h5
Bh7 9. Bd3 Bxd3 10. Qxd3 e6 11. Bd2 Ngf6 12. O-O-O Qc7 13. Kb1 O-O-O 14. c4 Bd6
15. Ne4 Nxe4 16. Qxe4 Nf6 17. Qe2 Qe7 18. a3 Rd7 19. Ne5 Rc7 20. Ba5 b6 21. c5
bxa5 22. Qa6+ Kb8 23. Nxc6+ Rxc6 24. Qxc6 Bf4 25. g3 Bc7 26. Rd3 a4 27. Qxa4
Qd7 28. Rb3+ Ka8 29. c6 Qd5 30. Rc1 Qa5 31. Qxa5 Bxa5 32. Rb7 Rf8 33. b4 Bb6
34. a4 Nd5 35. a5 Bxd4 36. b5 Rb8 37. Rc4 Be5 38. f4 Bc7 39. a6 f5 40. Rd4 Bb6
41. Rd3 Rg8 42. Rf7 Kb8 43. g4 fxg4 44. f5 g3 45. Rxg3 exf5 46. Rxf5 Nc7 47.
Ka2 Ne6 48. Rg6 Nd4 49. Rd5 Kc8 50. Ka3 Ne2 51. Rd7 Nf4 52. Rgxg7 Rxg7 53. Rxg7
Nxh5 54. Rb7 Bc5+ 55. Ka4 Nf6 56. b6 Bxb6 57. Rxb6 Nd5 58. Rb7 Nc7 59. Rxa7 1-0

[Event "Elit(Vasteras-Team Viking)"]
[Site "?"]
[Date "2015.03.21"]
[Round "8"]
[White "Sjodahl, Pontus"]
[Black "Agrest, Evgenij"]
[Result "0-1"]
[WhiteElo "2414"]
[BlackElo "2594"]
[PlyCount "184"]

1. d4 d5 2. c4 c6 3. Nf3 Nf6 4. Qb3 dxc4 5. Qxc4 Bg4 6. Nbd2 Nbd7 7. g3 e6 8.
Bg2 Be7 9. O-O O-O 10. Qb3 Qb6 11. Nc4 Qa6 12. Re1 Bh5 13. Bf4 Nd5 14. Bd2 c5
15. e4 N5b6 16. Nxb6 Qxb6 17. Qxb6 Nxb6 18. Rac1 Rac8 19. d5 Nd7 20. dxe6 fxe6
21. Ng5 Bxg5 22. Bxg5 Ne5 23. Rc3 c4 24. Be3 b5 25. Ra3 Rfd8 26. Rxa7 b4 27.
Rb1 Nd3 28. Bf1 Bf3 29. a3 Bxe4 30. axb4 Nxb4 31. Rc1 Nd3 32. Rc3 Nxb2 33. f3
Bd3 34. Bg5 Rd5 35. Bh3 Bf5 36. Bf1 Rd1 37. Kg2 Bd3 38. Bxd3 Nxd3 39. h4 Rb8
40. Ra2 h6 41. Be3 Rc8 42. Bf2 Rc1 43. Rxc1 Nxc1 44. Rc2 Nd3 45. Kf1 e5 46. Ke2
Kf7 47. Be3 Nb4 48. Rb2 Nd5 49. Bd2 Rc7 50. Ra2 Nf6 51. Ke3 Rb7 52. Rc2 Rc7 53.
Ra2 h5 54. Ra5 Ke6 55. Ra6+ Kf5 56. Ra5 Rd7 57. Rc5 Rc7 58. Ra5 c3 59. Bc1 Rd7
60. Ke2 Nd5 61. Rc5 Ke6 62. Rc6+ Rd6 63. Rc8 Ra6 64. Kd3 Ra1 65. Bg5 Rd1+ 66.
Ke2 Rh1 67. Rc6+ Kd7 68. Rc4 Rh2+ 69. Kd3 Rg2 70. Ke4 Kd6 71. Rc8 Re2+ 72. Kf5
c2 73. Rd8+ Kc6 74. Rc8+ Kd7 75. Rd8+ Kc6 76. Rc8+ Kb5 77. Kg6 Nb6 78. Rc7 Nc4
79. Kxh5 Rf2 80. Kg4 g6 81. Rb7+ Ka4 82. Rc7 Kb3 83. Rb7+ Kc3 84. Rc7 Rf1 85.
Rc6 Kd3 86. Rc8 Rd1 87. Rc7 Nd2 88. Rd7+ Ke2 89. Bxd2 Rxd2 90. Rc7 Kd1 91. Kg5
Rd3 92. Kxg6 Rxf3 0-1

[Event "Elit(Vasteras-Team Viking)"]
[Site "?"]
[Date "2015.03.21"]
[Round "8"]
[White "Westerberg, Jonathan"]
[Black "Bergstrom, Peter"]
[Result "1-0"]
[WhiteElo "2432"]
[BlackElo "2311"]
[PlyCount "65"]

1. e4 c6 2. d4 d5 3. Nc3 dxe4 4. Nxe4 Bf5 5. Ng3 Bg6 6. N1e2 e6 7. Nf4 Bd6 8.
h4 Qc7 9. Nxg6 hxg6 10. Ne4 Bf4 11. Bxf4 Qxf4 12. Ng5 Nd7 13. g3 Qc7 14. Bg2
Ngf6 15. Qd3 Nb6 16. O-O Nh7 17. Nxh7 Rxh7 18. Rfe1 O-O-O 19. a4 Nd7 20. b4 Rh5
21. a5 a6 22. c4 Qd6 23. Qc3 Nb8 24. d5 exd5 25. cxd5 Qf6 26. Bh3+ Nd7 27. Qxf6
gxf6 28. dxc6 bxc6 29. Re7 Re5 30. Rxf7 f5 31. h5 gxh5 32. Bxf5 Rd5 33. Re1 1-0

[Event "Elit(Vasteras-Team Viking)"]
[Site "?"]
[Date "2015.03.21"]
[Round "8"]
[White "Pohjala, Henri"]
[Black "Nithander, Victor"]
[Result "0-1"]
[WhiteElo "2403"]
[BlackElo "2428"]
[PlyCount "116"]

1. d4 g6 2. Nf3 Nf6 3. g3 Bg7 4. Bg2 d5 5. O-O O-O 6. c4 c6 7. Qb3 a5 8. a4
dxc4 9. Qxc4 Na6 10. Bg5 Be6 11. Qc1 c5 12. Bh6 cxd4 13. Bxg7 Kxg7 14. Rd1 Rc8
15. Nc3 Bb3 16. Rxd4 Qb6 17. Qg5 Rc5 18. Qe3 Be6 19. Rd2 Qb4 20. Nd4 Ng4 21.
Nxe6+ fxe6 22. Qd4+ Nf6 23. Qxb4 axb4 24. Nb5 b6 25. Rad1 e5 26. f4 exf4 27.
gxf4 e5 28. Bb7 Nb8 29. Rd8 Rxd8 30. Rxd8 Nbd7 31. fxe5 Rxe5 32. Nd4 Nc5 33.
Bc6 Rg5+ 34. Kf1 Ng4 35. h4 Ne3+ 36. Ke1 Rg4 37. Nf3 Nc4 38. Rb8 Nxb2 39. Rxb6
Nbxa4 40. Rb5 b3 41. Bd5 b2 42. Kd2 Rf4 43. Kc2 Rf8 44. Rb4 Rc8 45. Bc4 Ne4 46.
Ng5 Rxc4+ 47. Rxc4 b1=Q+ 48. Kxb1 Nd2+ 49. Kc2 Nxc4 50. Kd3 Nd6 51. e4 Nf7 52.
Ne6+ Kf6 53. Nf4 Nc5+ 54. Ke3 Ke5 55. Kf3 Nxe4 56. h5 g5 57. Ng6+ hxg6 58. hxg6
Nh6 0-1

[Event "Elit(Vasteras-Team Viking)"]
[Site "?"]
[Date "2015.03.21"]
[Round "8"]
[White "Lindberg, Bo"]
[Black "Eriksson, Anders"]
[Result "1-0"]
[WhiteElo "2413"]
[BlackElo "2277"]
[PlyCount "101"]

1. d4 Nf6 2. Bg5 e6 3. e4 h6 4. Bxf6 Qxf6 5. c3 d6 6. Bd3 e5 7. Ne2 g6 8. O-O
Bg7 9. f4 exd4 10. cxd4 O-O 11. Nbc3 Qd8 12. f5 Nd7 13. e5 dxe5 14. fxg6 fxg6
15. Bxg6 exd4 16. Qb3+ Kh8 17. Ne4 Ne5 18. Rxf8+ Qxf8 19. Rf1 Qe7 20. Bf5 Bxf5
21. Rxf5 Qd7 22. Qxb7 Rd8 23. Rf1 d3 24. N2c3 Ng4 25. h3 Qd4+ 26. Kh1 Ne3 27.
Rf2 Qb6 28. Qxb6 axb6 29. Rf3 Nc4 30. b3 Nb2 31. Nb1 Re8 32. Nbd2 Kg8 33. g4
Re6 34. Kg2 Rc6 35. Rf5 Rc2 36. Kf3 Bd4 37. a4 Kg7 38. Rd5 Bf6 39. Kf4 Bg5+ 40.
Nxg5 Rxd2 41. Rd7+ Kg8 42. Ne4 Re2 43. Kf3 Rc2 44. h4 d2 45. Rxd2 Rxd2 46. Nxd2
Kf7 47. Ke2 Ke6 48. Nc4 Nxc4 49. bxc4 Ke5 50. Ke3 c5 51. Kf3 1-0

[Event "Elit(Vasteras-Team Viking)"]
[Site "?"]
[Date "2015.03.21"]
[Round "8"]
[White "Norberg, Johan"]
[Black "Bellon Lopez, Juan"]
[Result "1-0"]
[WhiteElo "2308"]
[BlackElo "2357"]
[PlyCount "131"]

1. g3 c5 2. Bg2 Nc6 3. Nf3 g6 4. e4 Bg7 5. O-O d6 6. d3 e6 7. c3 Nge7 8. Re1 e5
9. a3 O-O 10. b4 b6 11. Bb2 a6 12. Nbd2 h6 13. bxc5 bxc5 14. Nc4 Be6 15. Ne3
Rb8 16. Qc2 Na5 17. c4 Qd7 18. Bc3 Nb3 19. Rab1 Nd4 20. Bxd4 cxd4 21. Nd5 Bxd5
22. exd5 Rfc8 23. Nd2 f5 24. Rxb8 Rxb8 25. Rb1 Rxb1+ 26. Qxb1 Qc7 27. Qb4 Bf8
28. Qa4 Qb6 29. Qd7 Qc5 30. Qa4 Qb6 31. Qd7 Qc5 32. a4 Qb4 33. Nf3 g5 34. Bf1
Qc5 35. Be2 Kg7 36. Qe6 Qc7 37. Nxe5 dxe5 38. d6 Qd8 39. Qxe5+ Kg6 40. Qe6+ Kg7
41. c5 Ng6 42. Bh5 Qf6 43. Qd7+ Kg8 44. Qe8 Ne5 45. d7 Nc6 46. Bf3 Kg7 47. Bxc6
Be7 48. Bd5 h5 49. c6 Bd8 50. Qxh5 g4 51. Qe8 a5 52. Kf1 Bc7 53. Qg8+ Kh6 54.
Qe6 Qxe6 55. Bxe6 Kg5 56. Ke2 Kf6 57. Bd5 Ke5 58. Bg2 Kd6 59. h4 gxh3 60. Bxh3
f4 61. g4 Kxc6 62. g5 Kd6 63. Kf3 Ke5 64. Kg4 Bd8 65. Kh5 f3 66. g6 1-0

[Event "Elit(Vasteras-Team Viking)"]
[Site "?"]
[Date "2015.03.21"]
[Round "8"]
[White "Pettersson, Anders"]
[Black "Brustkern, Jurgen"]
[Result "1-0"]
[WhiteElo "2278"]
[BlackElo "2213"]
[PlyCount "91"]

1. d4 f5 2. g3 Nf6 3. Bg2 e6 4. Nf3 Be7 5. O-O O-O 6. b3 d6 7. Bb2 a5 8. Ne1
Qe8 9. Nd3 a4 10. c4 c6 11. bxa4 Nbd7 12. Qb3 Kh8 13. Nd2 e5 14. dxe5 dxe5 15.
Bxe5 Nxe5 16. Nxe5 Bd6 17. Nd3 Qxe2 18. Nf3 Qe7 19. Rfe1 Ne4 20. Qc2 Qf6 21. c5
Bc7 22. Rab1 Ba5 23. Re3 Nc3 24. Rf1 Nd5 25. Re2 f4 26. Nfe5 Bf5 27. Bxd5 cxd5
28. gxf4 Bh3 29. Rb1 Ra7 30. Re3 Bf5 31. Qe2 Bc3 32. Rb6 Qh4 33. Rg3 g6 34. Qf3
Be4 35. Rh3 Bxf3 36. Rxh4 Be4 37. Nxg6+ Bxg6 38. Rxg6 Rf6 39. Rxf6 Bxf6 40. Rh5
d4 41. a5 Ra8 42. Kg2 Rd8 43. Kf3 Kg7 44. Ke4 Kg6 45. Rd5 Re8+ 46. Ne5+ 1-0

[Event "Elit(Vasteras-Team Viking)"]
[Site "?"]
[Date "2015.03.21"]
[Round "8"]
[White "Orndahl, Markus"]
[Black "Sagit, Rauan"]
[Result "1/2-1/2"]
[WhiteElo "2156"]
[BlackElo "2362"]
[PlyCount "93"]

1. e4 c5 2. Nc3 d6 3. Bc4 e6 4. f4 a6 5. a4 Nf6 6. Ba2 d5 7. e5 d4 8. exf6 dxc3
9. fxg7 cxd2+ 10. Qxd2 Bxg7 11. Qxd8+ Kxd8 12. c3 b5 13. Nf3 Bb7 14. O-O Ke7
15. f5 c4 16. fxe6 fxe6 17. Bg5+ Kd7 18. Be3 Bd5 19. Nd4 Rg8 20. g3 Nc6 21. Bb1
Bxd4 22. cxd4 Raf8 23. Bxh7 Rxf1+ 24. Rxf1 Rg7 25. Bb1 Kc7 26. Rf8 bxa4 27.
Bf4+ Kb7 28. Bd6 Rd7 29. Bc5 e5 30. Bf5 Rg7 31. dxe5 Nxe5 32. Bc8+ Kc7 33. Bxa6
Nf3+ 34. Kf2 Nxh2 35. Bb5 Ng4+ 36. Ke2 Rh7 37. Kd2 Rh3 38. Ba7 Kb7 39. Bb8 Rh2+
40. Kc3 Nf2 41. Kd4 c3 42. Kxc3 Nd1+ 43. Kd4 Rd2+ 44. Kc5 Nxb2 45. Bf4 Nd3+ 46.
Bxd3 Rxd3 47. Rd8 1/2-1/2

[Event "Elit(Limhamn-Kungstornet)"]
[Site "?"]
[Date "2015.03.22"]
[Round "9"]
[White "Cicak, Slavko"]
[Black "Jepson, Christian"]
[Result "1-0"]
[WhiteElo "2505"]
[BlackElo "2421"]
[PlyCount "53"]

1. c4 e6 2. Nf3 d5 3. e3 c5 4. cxd5 exd5 5. Bb5+ Bd7 6. Bxd7+ Qxd7 7. O-O Nc6
8. b3 Nf6 9. d4 cxd4 10. Nxd4 Bd6 11. Nf3 O-O-O 12. Bb2 Ne4 13. Nc3 Nxc3 14.
Bxc3 f6 15. Qd2 h5 16. b4 h4 17. h3 g5 18. b5 Ne5 19. Qxd5 Nxf3+ 20. Qxf3 Rhf8
21. Ba5 Rde8 22. Rfd1 Qe6 23. Rd5 Rf7 24. Rad1 Bc7 25. Bxc7 Rxc7 26. Rd6 Qxa2
27. Qf5+ 1-0

[Event "Elit(Limhamn-Kungstornet)"]
[Site "?"]
[Date "2015.03.22"]
[Round "9"]
[White "Johansson, Linus"]
[Black "Lyrberg, Patrik"]
[Result "1/2-1/2"]
[WhiteElo "2392"]
[BlackElo "2456"]
[PlyCount "132"]

1. d4 e6 2. c4 Bb4+ 3. Nc3 Bxc3+ 4. bxc3 f5 5. Bf4 Nf6 6. e3 O-O 7. h3 d6 8.
Nf3 Qe7 9. Bh2 b6 10. Bd3 Bb7 11. O-O Nbd7 12. Nd2 Ne4 13. Nxe4 fxe4 14. Be2
Rf5 15. Qb3 Bc6 16. Bg4 Rf6 17. Bg3 Rg6 18. Qa3 a5 19. Bh5 Rg5 20. Bd1 Rf8 21.
Bf4 Rgf5 22. Bg4 R5f7 23. c5 dxc5 24. Qb3 Rxf4 25. exf4 Bd5 26. c4 Bb7 27. d5
exd5 28. cxd5 Kh8 29. d6 cxd6 30. Bxd7 Qxd7 31. Qxb6 Bc6 32. Rfd1 h6 33. Rac1
e3 34. fxe3 Rf6 35. Rxc5 Be4 36. Rc4 Bf3 37. Rd2 d5 38. Qb8+ Kh7 39. Rc8 Be4
40. Rh8+ Kg6 41. Qe8+ Qxe8 42. Rxe8 Rc6 43. Ra8 Rc3 44. Rxa5 Rxe3 45. Kf2 Rc3
46. Rb5 Kf5 47. Rb3 Rc4 48. g3 g5 49. fxg5 hxg5 50. Ke2 Rc1 51. Rdb2 Rh1 52.
Kd2 Ke5 53. Kc3 Rxh3 54. Kb4 d4 55. a4 d3 56. a5 Rxg3 57. a6 Kd4 58. a7 Rg2 59.
Ka3 Rxb2 60. Kxb2 d2 61. Rb4+ Kd3 62. Rxe4 d1=Q 63. a8=Q Qc2+ 64. Ka3 Qc3+ 65.
Ka2 Qc2+ 66. Ka3 Qc3+ 1/2-1/2

[Event "Elit(Limhamn-Kungstornet)"]
[Site "?"]
[Date "2015.03.22"]
[Round "9"]
[White "Henriksson, Johan"]
[Black "Hector, Jonny"]
[Result "0-1"]
[WhiteElo "2271"]
[BlackElo "2481"]
[PlyCount "80"]

1. d4 d5 2. Nf3 Nf6 3. c4 c6 4. cxd5 cxd5 5. Nc3 Nc6 6. Bf4 Bf5 7. e3 e6 8. Bd3
Bg6 9. O-O Be7 10. Ne5 Nxe5 11. Bxe5 O-O 12. Bxg6 hxg6 13. Qb3 Qd7 14. Qb5 Rfc8
15. Rac1 Rc6 16. Bxf6 gxf6 17. Na4 Rac8 18. Rxc6 Rxc6 19. Nc3 Qc7 20. Rc1 Rc4
21. Qb3 Bb4 22. g3 Qc6 23. h4 b5 24. a3 Ba5 25. Kh2 a6 26. Kg1 e5 27. dxe5 fxe5
28. Qd1 d4 29. exd4 exd4 30. Na2 d3 31. b4 Bb6 32. Qxd3 Rxc1+ 33. Nxc1 Qxc1+
34. Kg2 Qc6+ 35. Kg1 Qf6 36. Qe2 Kf8 37. Kg2 Bd4 38. f3 Qe6 39. Qc2 Kg7 40. g4
Qe3 0-1

[Event "Elit(Limhamn-Kungstornet)"]
[Site "?"]
[Date "2015.03.22"]
[Round "9"]
[White "Brynell, Stellan"]
[Black "Aronsson, Marten"]
[Result "*"]
[WhiteElo "2444"]
[BlackElo "2289"]
[PlyCount "151"]

1. d4 Nf6 2. c4 g6 3. g3 Bg7 4. Bg2 O-O 5. Nc3 d6 6. Nf3 c5 7. O-O cxd4 8. Nxd4
a6 9. b3 Qb6 10. Bb2 Nc6 11. Nc2 Be6 12. Ne3 Rac8 13. Qd2 Qa5 14. Rfd1 Qh5 15.
Ncd5 Bxd5 16. Nxd5 Nxd5 17. Bxg7 Kxg7 18. Bxd5 Rc7 19. Rac1 Rd8 20. Rc3 Ne5 21.
Bg2 Ng4 22. h3 Nf6 23. Rd3 Qc5 24. Rd4 a5 25. Bf3 b6 26. g4 h6 27. h4 Qb4 28.
g5 hxg5 29. hxg5 Nh7 30. Qb2 f6 31. a3 Qc5 32. Rd5 Qc6 33. Kg2 Qe8 34. Rh1 Rc5
35. gxf6+ exf6 36. Rxc5 dxc5 37. Bd5 Qe5 38. Qc2 Ng5 39. Qd3 f5 40. e3 Ne6 41.
f4 Qf6 42. Qe2 Rh8 43. Rxh8 Kxh8 44. Qf3 Kg7 45. Bxe6 Qxe6 46. Qb7+ Kf6 47. Kf3
Qd6 48. Ke2 Qe6 49. Kd3 Qd6+ 50. Ke2 Qe6 51. Qc7 a4 52. Qd8+ Kf7 53. Qc7+ Kf6
54. Qd8+ Kf7 55. Qd3 axb3 56. Qxb3 Qc6 57. Qd3 Qg2+ 58. Kd1 Ke6 59. Kc1 Qe4 60.
Qb3 Kf7 61. Qc3 Qg2 62. Qd3 Qf2 63. Kb1 Ke7 64. Qc3 Kf7 65. Qd3 Ke7 66. Qb3
Qe1+ 67. Kc2 Qe2+ 68. Kc1 Qe1+ 69. Kb2 Qd2+ 70. Kb1 Qe1+ 71. Kb2 Qd2+ 72. Ka1
Qe1+ 73. Ka2 Qe2+ 74. Ka1 Qe1+ 75. Ka2 Qe2+ 76. Ka1 *

[Event "Elit(Limhamn-Kungstornet)"]
[Site "?"]
[Date "2015.03.22"]
[Round "9"]
[White "von Bahr, Oskar"]
[Black "Ahlander, Bjorn"]
[Result "1/2-1/2"]
[WhiteElo "2358"]
[BlackElo "2380"]
[PlyCount "149"]

1. c4 e6 2. g3 d5 3. Bg2 Nf6 4. Nf3 Be7 5. O-O O-O 6. b3 c5 7. e3 Nc6 8. Bb2 b6
9. Nc3 Ba6 10. Qe2 Rc8 11. Rfd1 e5 12. d4 exd4 13. exd4 Re8 14. Qf1 Qc7 15. Nb5
Qb8 16. cxd5 Nxd5 17. Bh3 Rcd8 18. Ne5 Nxe5 19. dxe5 Nc7 20. a4 Rxd1 21. Rxd1
Rd8 22. Bg4 Rxd1 23. Bxd1 Qd8 24. Bc2 g6 25. Bd3 Bb7 26. Bc4 Ne6 27. Qd3 Qxd3
28. Bxd3 a6 29. Nd6 Bxd6 30. exd6 Kf8 31. Bc4 Ke8 32. f4 Nd4 33. Kf2 Kd7 34.
Bxf7 Kxd6 35. Ke3 Nf5+ 36. Kd3 Bd5 37. Be5+ Kc6 38. Be8+ Kb7 39. Kc3 Ne3 40. h4
Nf5 41. g4 Nxh4 42. Bd7 Nf3 43. Bd6 a5 44. f5 Ng5 45. Be5 gxf5 46. Bxf5 Be6 47.
Bf6 Bxf5 48. Bxg5 Bxg4 49. Bd8 Ka6 50. Be7 h5 51. Kb2 Be6 52. Kc2 Bf7 53. Kb2
Bg6 54. Kc1 Be4 55. Kb2 Bf3 56. Kc2 Kb7 57. Bd8 Kc6 58. Kc3 Bg4 59. Kc2 Bd7 60.
Kb2 Kb7 61. Kc2 b5 62. axb5 Bxb5 63. Bxa5 h4 64. Be1 h3 65. Bg3 Kc6 66. Kd2 Kd5
67. Ke3 Bd7 68. Bh2 Bf5 69. Kf4 Bc8 70. Bg1 Kc6 71. Kg3 Be6 72. Kh2 Kd5 73. Bf2
Bf5 74. Bg1 Bg4 75. Bf2 1/2-1/2

[Event "Elit(Limhamn-Kungstornet)"]
[Site "?"]
[Date "2015.03.22"]
[Round "9"]
[White "Schneider, Stefan"]
[Black "Larsson, Anders"]
[Result "1-0"]
[WhiteElo "2379"]
[BlackElo "2256"]
[PlyCount "82"]

1. d4 e6 2. c4 Bb4+ 3. Nd2 d5 4. Ngf3 Nf6 5. Qa4+ Nc6 6. a3 Be7 7. e3 O-O 8.
Qc2 Re8 9. Bd3 Bf8 10. O-O g6 11. b4 Bg7 12. Bb2 dxc4 13. Nxc4 Bd7 14. Rac1 a5
15. b5 Ne7 16. Nce5 c6 17. bxc6 Bxc6 18. e4 Rc8 19. Qe2 Rf8 20. h3 Nd7 21. Nc4
Bb5 22. Qd2 Nf6 23. Rfe1 Ba6 24. Nfe5 Nc6 25. Nxc6 Rxc6 26. Bf1 Nxe4 27. Rxe4
Qd5 28. Re5 Bxe5 29. Nxe5 Rxc1 30. Qxc1 Bxf1 31. Kxf1 b5 32. Kg1 h5 33. Nc6 Qd7
34. Qh6 f6 35. Qxg6+ Kh8 36. d5 e5 37. Qh6+ Kg8 38. Qg6+ Kh8 39. Qxh5+ Qh7 40.
Qxh7+ Kxh7 41. d6 Rf7 1-0

[Event "Elit(Limhamn-Kungstornet)"]
[Site "?"]
[Date "2015.03.22"]
[Round "9"]
[White "Engstrom, Kaj"]
[Black "Helgason, Reynir"]
[Result "0-1"]
[WhiteElo "2216"]
[BlackElo "2327"]
[PlyCount "72"]

1. e4 c6 2. c4 d5 3. cxd5 cxd5 4. exd5 Nf6 5. Nc3 Nxd5 6. Bc4 Nxc3 7. Qf3 e6 8.
dxc3 Qc7 9. Bb3 Nc6 10. Nh3 Bd6 11. Ng5 Ne5 12. Qe2 h6 13. Ne4 Be7 14. O-O Ng6
15. Be3 O-O 16. Rad1 Kh7 17. f4 b6 18. Qh5 Ba6 19. Rf2 Rad8 20. Re1 Bc4 21. f5
exf5 22. Rxf5 Bxb3 23. axb3 Rde8 24. Ref1 Bd8 25. Bf4 Qd7 26. Bd6 Rg8 27. Rxf7
Qc6 28. R1f6 Qxe4 29. Rf1 Re6 30. Bg3 Bh4 31. Rxa7 Bxg3 32. hxg3 Ne5 33. Rf4
Qe3+ 34. Kh2 Rg6 35. Qh3 Rd8 36. Raa4 Rd1 0-1

[Event "Elit(Limhamn-Kungstornet)"]
[Site "?"]
[Date "2015.03.22"]
[Round "9"]
[White "Lindgren, Philip"]
[Black "Holmquist, Gunnar"]
[Result "1-0"]
[WhiteElo "2331"]
[BlackElo "2187"]
[PlyCount "123"]

1. Nf3 Nf6 2. c4 e6 3. g3 b6 4. Bg2 Bb7 5. d4 Be7 6. O-O O-O 7. d5 exd5 8. Nh4
c5 9. Nf5 d6 10. Nc3 Nbd7 11. Nxd5 Nxd5 12. Bxd5 Bxd5 13. Qxd5 Re8 14. Bf4 Nf6
15. Qf3 g6 16. Ne3 Nh5 17. Nd5 Bf6 18. Rab1 Nxf4 19. Qxf4 Bg7 20. e3 Rb8 21. b3
a6 22. Rbd1 b5 23. Rd2 f5 24. Rc1 Re4 25. Qf3 bxc4 26. Rxc4 Rxc4 27. bxc4 Qd7
28. Kg2 Qe6 29. Nc7 Qxc4 30. Rxd6 Bf8 31. Rxa6 Rc8 32. Rc6 Qxa2 33. Ne6 Qa8 34.
Rxc8 Qxc8 35. Qd5 Kh8 36. Qe5+ Kg8 37. Qd5 Kh8 38. h4 h5 39. Qe5+ Kg8 40. Qf6
Qb7+ 41. Kh2 Qf7 42. Qe5 Qe7 43. Qd5 Qf7 44. Qc6 Be7 45. Qc8+ Kh7 46. Qd7 Kg8
47. Kg2 Bf8 48. Qc8 Qe7 49. Kh2 Kf7 50. Ng5+ Kg7 51. Qa6 Qf6 52. Qb7+ Be7 53.
Qc8 Qb2 54. Ne6+ Kf7 55. Kg2 Qc2 56. Nf4 Qe4+ 57. Kg1 Bd6 58. Nh3 Be7 59. Qh8
Qb1+ 60. Kg2 Qb7+ 61. Kh2 Bf6 62. Ng5+ 1-0

[Event "Elit(LASK-Vasteras)"]
[Site "?"]
[Date "2015.03.22"]
[Round "9"]
[White "Sjodahl, Pontus"]
[Black "Tikkanen, Hans"]
[Result "1-0"]
[WhiteElo "2414"]
[BlackElo "2537"]
[PlyCount "109"]
[SourceDate "2015.03.27"]

1. d4 e6 2. c4 Nf6 3. Nc3 Bb4 4. e3 O-O 5. Nge2 d5 6. a3 Bd6 7. Ng3 c6 8. Bd3
e5 9. dxe5 Bxe5 10. cxd5 cxd5 11. Nce2 Nc6 12. O-O Re8 13. h3 h5 14. Qa4 Bc7
15. Qh4 Ne5 16. Rd1 Nxd3 17. Rxd3 g6 18. Bd2 Be6 19. Qg5 Nh7 20. Qxd8 Raxd8 21.
Rc1 Rd7 22. Bc3 h4 23. Nf1 Bf5 24. Rdd1 g5 25. Nd4 Bg6 26. Nb5 Bb8 27. Bd4 a6
28. Nc3 Bh5 29. Rd2 Rc8 30. Nh2 f6 31. Ng4 Rc6 32. Na2 Rxc1+ 33. Nxc1 Kf7 34.
Nb3 Bd6 35. Bc3 Bg6 36. Kf1 Be7 37. Nd4 Nf8 38. f4 gxf4 39. exf4 Be4 40. Nf2 f5
41. Nd3 Bf6 42. Ne5+ Bxe5 43. fxe5 Ne6 44. Kf2 f4 45. Nf3 Bxf3 46. Kxf3 Kg6 47.
Kg4 d4 48. Bb4 Rd5 49. Be7 Rxe5 50. Bxh4 Rd5 51. Rd3 Nc5 52. Rd1 d3 53. Be1 Ne6
54. h4 Re5 55. h5+ 1-0

[Event "Elit(LASK-Vasteras)"]
[Site "?"]
[Date "2015.03.22"]
[Round "9"]
[White "Akesson, Ralf"]
[Black "Hillarp Persson, Tiger"]
[Result "1-0"]
[WhiteElo "2456"]
[BlackElo "2555"]
[PlyCount "65"]

1. Nf3 g6 2. d4 Bg7 3. c4 d6 4. Nc3 Nf6 5. g3 O-O 6. Bg2 Nbd7 7. O-O e5 8. e4
a6 9. Re1 exd4 10. Nxd4 Rb8 11. a4 Re8 12. b3 c6 13. a5 c5 14. Nf3 Ng4 15. Bg5
f6 16. Bd2 b6 17. axb6 Nxb6 18. Ra2 Nh6 19. Bf4 Nf7 20. Rd2 Bf8 21. e5 g5 22.
Ne4 Nd7 23. e6 Rxe6 24. Bxd6 f5 25. Nexg5 Rxe1+ 26. Qxe1 Rxb3 27. Nxf7 Kxf7 28.
Bf4 Qe7 29. Ng5+ Kg6 30. Re2 Qg7 31. Bd5 Qc3 32. Qd1 Nf6 33. Re3 1-0

[Event "Elit(LASK-Vasteras)"]
[Site "?"]
[Date "2015.03.22"]
[Round "9"]
[White "Tari, Aryan"]
[Black "Bergstrom, Peter"]
[Result "1-0"]
[WhiteElo "2509"]
[BlackElo "2311"]
[PlyCount "59"]

1. e4 c6 2. d4 d5 3. e5 Bf5 4. h4 h5 5. c4 e6 6. Nc3 Ne7 7. Nge2 Nd7 8. Ng3 Bg6
9. cxd5 cxd5 10. Bd3 Bxd3 11. Qxd3 Nc6 12. Nge2 Be7 13. g3 a6 14. O-O b5 15.
Nf4 Nb6 16. b3 Kd7 17. Be3 Ba3 18. Qe2 Qg8 19. Nd3 Qh7 20. Rad1 Rhc8 21. Nb1
Be7 22. Rc1 Ke8 23. Nf4 g6 24. Nc3 Ba3 25. Nxb5 axb5 26. Qxb5 Bxc1 27. Rxc1 Nd7
28. Rxc6 Rxc6 29. Qxc6 Rb8 30. Nd3 1-0

[Event "Elit(LASK-Vasteras)"]
[Site "?"]
[Date "2015.03.22"]
[Round "9"]
[White "Eriksson, Anders"]
[Black "Smith, Axel"]
[Result "1-0"]
[WhiteElo "2277"]
[BlackElo "2475"]
[PlyCount "99"]

1. Nf3 c5 2. c4 Nc6 3. d4 cxd4 4. Nxd4 Nf6 5. Nc3 e6 6. Ndb5 d6 7. Bf4 e5 8.
Bg5 a6 9. Na3 Be7 10. e3 O-O 11. Be2 Ne8 12. Bxe7 Nxe7 13. O-O Be6 14. Qd2 f5
15. Bf3 e4 16. Be2 Rc8 17. Rfd1 Rf6 18. Rac1 Rh6 19. f4 Nc6 20. g3 Rc7 21. Nd5
Rd7 22. b4 Ne7 23. Nxe7+ Qxe7 24. Nc2 Rf6 25. Nd4 Bf7 26. c5 dxc5 27. Nxf5 Rxf5
28. Qxd7 Qxd7 29. Rxd7 cxb4 30. Rxb7 a5 31. Bc4 Bxc4 32. Rxc4 Nd6 33. Rb8+ Kf7
34. Rc7+ Ke6 35. Rxg7 Rc5 36. Rxh7 Rc1+ 37. Kf2 Rc2+ 38. Ke1 Rxa2 39. Rb6 Ra1+
40. Ke2 Ra2+ 41. Kd1 Ra1+ 42. Kc2 Ra2+ 43. Kb1 Rd2 44. Rh5 Rd5 45. g4 Rd3 46.
Rxa5 b3 47. Raa6 Kd7 48. Rxd6+ Rxd6 49. Rxd6+ Kxd6 50. Kb2 1-0